LEADER 01708nam0-22004571i-450- 001 990005525030203316 005 20101008120000.0 035 $a000552503 035 $aUSA01000552503 035 $a(ALEPH)000552503USA01 035 $a000552503 100 $a20050628d1970-------|0itac50------ba 101 $aita 102 $aIT 105 $a|||| ||||| 200 1 $a<> strategia sovietica per lo sviluppo economico, 1924-1930$ela discussione degli anni Venti nell'URSS$fa cura e con un saggio introduttivo di Nicolas Spulber$gedizione italiana a cura di Lisa Foa 210 $aTorino$cG. Einaudi$d[1970] 215 $aX, 607 p.$d22 cm 225 2$aNuova biblioteca scientifica Einaudi$v26 300 $aScritti di vari 300 $aIn appendice: Guida alle fonti sovietiche relative ai dibattiti sulla crescita economica 300 $atit.or.:Foundations of Soviet strategy for economic growth . 410 1$12001$aNuova biblioteca scientifica Einaudi$v26 454 1$1001USA19342$12001$aFoundations of Soviet strategy for economic growth$957327 606 $aUnione Sovietica$xEconomia$x1924-1953$2FI 620 $dTorino 676 $a330.947$cUnione delle Repubbliche Socialiste$v21 702 1$aFOA,$bLisa 702 1$aSPULBER,$bNicolas 712 $aEinaudi 801 $aIT$bSOL$c20120104 912 $a990005525030203316 950 $aDIP.TO SCIENZE ECONOMICHE - (SA)$dDS 300 330.947 FOA$e673 DISES 951 $a300 330.947 FOA$b673 DISES 959 $aBK 969 $aDISES 979 $c20121027$lUSA01$h1532 979 $c20121027$lUSA01$h1613 996 $aFoundations of Soviet strategy for economic growth$957327 997 $aUNISA NUM $aUSA14138